American Spellings Quiz - Statistics

General Stats
  • This quiz has been taken 72 times
  • The average score is 17 of 20
Answer Stats
British American % Correct
Aeroplane Airplane
97%
Favourite Favorite
96%
Fulfil Fulfill
96%
Cosy Cozy
94%
Neighbour Neighbor
94%
Recognise Recognize
94%
Axe Ax
93%
Dialogue Dialog
93%
Litre Liter
93%
Licence License
91%
Artefact Artifact
90%
Judgement Judgment
90%
Mediaeval Medieval
90%
Theatre Theater
90%
Jewellery Jewelry
84%
Disc Disk
82%
Foetus Fetus
82%
Sulphur Sulfur
82%
Speciality Specialty
79%
Draught Draft
43%
No matching quizzes found
Score Distribution
Percent of People with Each Score
Percentile by Number Answered
Your Score History
You have not taken this quiz